| 000 | 01263cam a22003491 4500 | ||
|---|---|---|---|
| 001 | 7065884 | ||
| 003 | URS | ||
| 005 | 20260310092744.0 | ||
| 008 | 750526s1966 nyuacj b 000 0ceng | ||
| 010 | _a 66017414 | ||
| 035 | _a7065884 | ||
| 035 | _a(OCoLC)1355362 | ||
| 040 |
_aDLC _cFM _dOCoLC _dURS _beng _erda |
||
| 042 | _apremarc | ||
| 050 | 0 | 0 |
_aE 176 _b.H4631 1966 |
| 100 | 1 | _aHess, Stephen. | |
| 245 | 1 | 0 |
_aAmerica's political dynasties from Adams to Kennedy/ _cStephen Hess.- |
| 250 | _a[1st edition] | ||
| 264 |
_aNew York: _bDoubleday, _c1966. |
||
| 300 |
_a736 pages _billustrations, geneal. tables, ports. _c25 centimeters. |
||
| 336 |
_atext _btxt _2rdacontent |
||
| 337 |
_aunmediated _bn _2rdamedia |
||
| 338 |
_avolume _bnc _2rdacarrier |
||
| 500 | _aIncludes appendices and index. | ||
| 504 | _aIncludes note and bibliography: pages [675]-705. | ||
| 650 |
_2Politics and government _zUnited States |
||
| 650 |
_2Biography _zUnited States |
||
| 655 | 7 |
_aBiographies. _2lcgft _0https://id.loc.gov/authorities/genreForms/gf2014026049 |
|
| 906 |
_a7 _bcbc _coclcrpl _du _encip _f19 _gy-gencatlg |
||
| 942 |
_2lcc _cFR _e[first edition] _hE 176 _i.H4631 1966 |
||
| 999 |
_c98974 _d98971 |
||